| 000 | 00654nas a2200241 4500 | ||
|---|---|---|---|
| 001 | BR8006446 | ||
| 003 | BR-BrBNA | ||
| 005 | 20231205084423.0 | ||
| 007 | ta | ||
| 008 | 230509b bl.|||p| |||| 00| 00por d | ||
| 040 |
_aBR-BrBNA _bpor _cBiblioteca Nacional de Agricultura |
||
| 041 | _a(Pt) | ||
| 072 | _aF00 | ||
| 100 | 1 | _aGeske, S.B. | |
| 100 | 1 | _aPinheiro, J.M. | |
| 100 | 1 | _aLang, R. de O. | |
| 245 | 1 | _aSorgo vassoura [Sorghum spp.] | |
| 650 | _aSORGO | ||
| 650 | _aPRATICA CULTURAL | ||
| 773 | 0 |
_tLavoura Pecuaria (Brazil) _x _g(Dec 1980), v. 3(14) p. 34-35 _wBR8006446 |
|
| 909 |
_a202311 _bLúcia _c55 _dLúcia Elande |
||
| 942 |
_2AGRIS _n0 _cANA |
||
| 999 |
_c105106 _d105106 |
||